ولدت بمصر منذ 4700 عام

محفوظ في:

المؤلف الرئيسي: Jean Philippe Lauer.

مؤلفون آخرون: Claudine Le Tourneur d'Ison, حسن نصر الدين.

التنسيق: كتاب

اللغة: Undetermined

منشور في: Al-Qāhirah : almajlis al'aelaa lilthaqafa, 2007.

سلاسل: المشروع القومي للترجمة ؛, 1084

الموضوعات:

الوسوم: إضافة وسم

لا توجد وسوم, كن أول من يضع وسما على هذه التسجيلة!

رقم الطلب: (A)PJ1064 .L35 A313

LEADER 00727nam a2200193Ia 4500
008 240329s9999||||xx |||||||||||||| ||und||
020 |a 9789774371530 
050 4 |a (A)PJ1064 .L35 A313 
100 1 |a Jean Philippe Lauer. 
245 1 0 |a ولدت بمصر منذ 4700 عام  |c Jean Philippe Lauer 
264 1 |a Al-Qāhirah :  |b almajlis al'aelaa lilthaqafa,  |c 2007. 
300 |a 322  |b illustrations  |c 19 
490 0 |a  المشروع القومي للترجمة ؛, 1084 
500 |a مترجم عن : "Je suis né en Egypte il y a 4700 ans" 
500 |a يتضمن ملحقا للصور 
650 |a Lauer, Jean-Philippe, 1902-2001 
700 1 |a Claudine Le Tourneur d'Ison, حسن نصر الدين. 
942 |2 lcc  |c BK 
999 |c 57875  |d 57875